000 00806 a2200241 4500
003 Nust
005 20221018124442.0
010 _a 2005049142
020 _a0521670527
035 _a(OCoLC)ocm62080313
040 _cNust
082 _a005.8,GOL
100 1 _aGoldreich, Oded.
_961657
245 1 0 _aFoundations of cryptography :
_bvolume 1 basic tools /
_cOded Goldreich.
260 _aBoston :
_bCambridge uni press
_cc2001.
300 _axx,371 p. ;
_c24 cm.
440 0 _aFoundations and trends in theoretical computer science,
_9100609
505 _aIntroduction (Page-1) Pseudorandom Generators (Page-101) Zero Knowledge Proof Systems (Page-184)
650 0 _aComputational complexity.
_939112
650 0 _aComputer security.
_9570
650 0 _aCryptography.
942 _2ddc
_cBK
_k005.8,GOL
999 _c178801
_d178801